| 000 | 01449cam a22003497a 4500 | ||
|---|---|---|---|
| 001 | 8400 | ||
| 003 | FISKH | ||
| 005 | 20250910145146.0 | ||
| 008 | 110107s2010 nyua j 001 0 eng | ||
| 010 | _a 2010284608 | ||
| 020 | _a9780545285469 | ||
| 035 | _a16603045 | ||
| 035 | _a(OCoLC)692225855 | ||
| 040 |
_aCCS _cCCS _dCCS _dDLC _beng |
||
| 050 | 0 | 0 |
_aQE714.5 _b.S73 2010 |
| 082 | 0 | 0 |
_a560 _223 |
| 100 | 1 | _aStamper, Judith Bauer. | |
| 245 | 1 | 0 |
_aFossils / _cJudith Bauer Stamper, Vicky Willows. |
| 260 |
_aNew York : _bScholastic, _c2010. |
||
| 300 |
_a32 pages : _bcolor illustrations ; _c23 cm |
||
| 490 | 0 | _aSmart words reader | |
| 490 | 0 | _aSmart words reader | |
| 500 | _aIncludes index. | ||
| 520 | _a"Fossils aren't just old bones. They are very special pieces of evidence that provide important clues about the past. By studying fossils, we can learn about animals that are now extinct, like dinosaurs. Fossils can tell us what the weather and climate were like long ago. Dig into this book to find out all about fossils and learn important vocabulary words you'll need to understand earth science!"--from back cover. | ||
| 650 | 0 |
_aFossils _vJuvenile literature. |
|
| 650 | 0 | _aReading (Primary) | |
| 655 | 7 |
_aLiterature. _2lcgft _0https://id.loc.gov/authorities/genreForms/gf2014026415 |
|
| 700 | 1 |
_aWillows, Vicky. _eAuthor |
|
| 906 |
_a7 _bcbc _ccopycat _d2 _encip _f20 _gy-gencatlg |
||
| 942 |
_2ddc _cBK _n0 |
||
| 999 |
_c8400 _d8400 |
||